Applied Nutrition and Dietetics for B.Sc.& Post Basic Nursing Students (Record no. 252845)

MARC details
000 -LEADER
fixed length control field 00403pam a2200145a 44500
008 - FIXED-LENGTH DATA ELEMENTS--GENERAL INFORMATION
fixed length control field 230405s2022 xxu||||| |||| 00| 0 eng d
020 ## - INTERNATIONAL STANDARD BOOK NUMBER
International Standard Book Number 9789386896742
082 ## - DEWEY DECIMAL CLASSIFICATION NUMBER
Classification number 641.1
Item number CHA
100 ## - MAIN ENTRY--PERSONAL NAME
Personal name Chauhan,Deepti
245 ## - TITLE STATEMENT
Title Applied Nutrition and Dietetics for B.Sc.& Post Basic Nursing Students
260 ## - PUBLICATION, DISTRIBUTION, ETC.
Place of publication, distribution, etc. Hyderabad
Name of publisher, distributor, etc. Lotus Publication
Date of publication, distribution, etc. 2022
300 ## - PHYSICAL DESCRIPTION
Extent 343 p.
502 ## - DISSERTATION NOTE
Dissertation note text
906 ## - LOCAL DATA ELEMENT F, LDF (RLIN)
a 004580

No items available.